000 00351 a2200169 4500
001 168875
020 _a85-322-0143-1
040 _cMagnum
100 _aGaldino, Luiz
240 1 0 _aO destino de Perseu
_lpor
245 1 0 _aO destino de Perseu
300 _a109
362 0 _a1994
440 1 _aFTD
697 _aLITERATURA JUVENIL
942 _cBK
999 _c168875
_d168875